=LDR 00000nam 2200000 4500 =001 INLIS000000000051430 =005 20170918075109 =035 ##$$a 0010-0917000234 =007 ta =008 170918###########################0###### =020 ##$$a 978-602-0869-78-0 =082 ##$$a 346.132 3 =084 ##$$a 346.132 3 DAR h =100 #$$a Darun Wijayanti =245 1#$$a Hikmah di Balik Kisah Para Tokoh Dunia yang Jatuh Akibat Skndal Korupsi /$c Darun Wijayanti =260 ##$$a Yogyakarta :$b Indoliterasi,$c 2016 =300 ##$$a iii, 108 hlm : $b ilus. ; $c 21 cm =500 ##$$a Biografi : Hlm. 106 =650 ##$$a KORUPSI =504 ##$$a Bibliografi : Hlm.103-105 =990 ##$$a 1127511275 =990 ##$$a 1127511275 =990 ##$$a 1127511275 =990 ##$$a 1127511275 =990 ##$$a 1127511275 =990 ##$$a 21702636 =990 ##$$a 01201711275 =990 ##$$a 01201711276 =990 ##$$a 01201711277 =990 ##$$a 01201711278 =990 ##$$a 21702637 =990 ##$$a 01201711275 =990 ##$$a 01201711276 =990 ##$$a 01201711277 =990 ##$$a 21702636 =990 ##$$a 21702638 =990 ##$$a 01201711275 =990 ##$$a 01201711276 =990 ##$$a 21702637 =990 ##$$a 21702636 =990 ##$$a 21702638 =990 ##$$a 01201711275 =990 ##$$a 01201711276 =990 ##$$a 21702637 =990 ##$$a 21702636 =990 ##$$a 21702639 =990 ##$$a 01201711275 =990 ##$$a 21702638 =990 ##$$a 21702637 =990 ##$$a 21702636 =990 ##$$a 21702640 =990 ##$$a 21702639 =990 ##$$a 21702638 =990 ##$$a 21702637 =990 ##$$a 21702636